000 00294nam a2200121Ia 4500
008 190216s9999||||xx |||||||||||||| ||und||
100 _aVallathol Narayanamenon
245 0 _aDandakaranyam
260 _bVallathole Vidhyapedam
_c1960
300 _a50
650 _aKavithkal
942 _cBK
999 _c24161
_d24161